Southville International School and Colleges
Your cart is empty.
  • Cart
  • Lists
    Public lists Eva Luna New books Lux_list list_1
    Your lists Log in to create your own lists
  • Log in to your account
  • Your cookies
  • Search history
Southville International School and Colleges
  • Advanced search
  • Recent comments
  • Most popular
  • Libraries

Log in to your account

Log in with GOOGLE


If you do not have an external account, but do have a local account, you can still log in:

  1. Home
  2. MARC view: Reading Korea :
Normal view MARC view ISBD view

Reading Korea : (Record no. 39459)

[ view plain ]
MARC details
000 -LEADER
fixed length control field 00814nam a2200253 a 4500
005 - DATE AND TIME OF LATEST TRANSACTION
control field 20140311163020.0
008 - FIXED-LENGTH DATA ELEMENTS--GENERAL INFORMATION
fixed length control field 120924s19uu xx 00 eng d
020 ## - INTERNATIONAL STANDARD BOOK NUMBER
International Standard Book Number 9789712721151
050 ## - LIBRARY OF CONGRESS CALL NUMBER
Classification number PL 984.E8
Item number .K43 2008
100 ## - MAIN ENTRY--PERSONAL NAME
Personal name Keunchan, Ha
245 ## - TITLE STATEMENT
Title Reading Korea :
Remainder of title 12 contemporary stories /
Statement of responsibility, etc [Ha Keunchan... et al.].
260 ## - PUBLICATION, DISTRIBUTION, ETC. (IMPRINT)
Place of publication, distribution, etc Pasig City, Philippines :
Name of publisher, distributor, etc Anvil Pub,
Date of publication, distribution, etc 2008.
300 ## - PHYSICAL DESCRIPTION
Extent 242 p. :
Dimensions 22 cm.
500 ## - GENERAL NOTE
General note written under the support of the Korean Literature Translation Institute
650 ## - SUBJECT ADDED ENTRY--TOPICAL TERM
Topical term or geographic name as entry element Short stories, Korean
General subdivision 20th century
-- Translations into English
700 ## - ADDED ENTRY--PERSONAL NAME
Personal name Seung-ok, Kim
700 ## - ADDED ENTRY--PERSONAL NAME
Personal name Sok-yong, Hwang
700 ## - ADDED ENTRY--PERSONAL NAME
Personal name Munku, Lee
700 ## - ADDED ENTRY--PERSONAL NAME
Personal name Hyun-seok, Bang
700 ## - ADDED ENTRY--PERSONAL NAME
Personal name Young-hyun, Kim
700 ## - ADDED ENTRY--PERSONAL NAME
Personal name Nam-il, Kim
942 ## - ADDED ENTRY ELEMENTS (KOHA)
Koha item type Books
Source of classification or shelving scheme Library of Congress Classification
Call number prefix Foreign
Holdings
Withdrawn status Lost status Source of classification or shelving scheme Damaged status Home library Current library Shelving location Date acquired Source of acquisition Cost, normal purchase price Total Checkouts Full call number Barcode Date last seen Copy number Price effective from Koha item type
    Library of Congress Classification   College Library College Library General Circulation Section 09/22/2012 Donation 395.00   PL 984.E8 .K43 2008 C15984 05/15/2018 1 10/10/2013 Books

Reading Korea :

APA

Keunchan H., Seung-ok K., Sok-yong H., Munku L., Hyun-seok B., Young-hyun K. & Nam-il K. (2008). Reading Korea. Pasig City, Philippines: Anvil Pub.

Chicago

Keunchan Ha, Seung-ok Kim, Sok-yong Hwang, Munku Lee, Hyun-seok Bang, Young-hyun Kim and Nam-il Kim. 2008. Reading Korea. Pasig City, Philippines: Anvil Pub.

Harvard

Keunchan H., Seung-ok K., Sok-yong H., Munku L., Hyun-seok B., Young-hyun K. and Nam-il K. (2008). Reading Korea. Pasig City, Philippines: Anvil Pub.

MLA

Keunchan Ha, Seung-ok Kim, Sok-yong Hwang, Munku Lee, Hyun-seok Bang, Young-hyun Kim and Nam-il Kim. Reading Korea. Pasig City, Philippines: Anvil Pub. 2008.

  • Place hold
  • Print
  • Cite
  • Add to your cart (remove)
  • Save record
    BIBTEX Dublin Core MARCXML MARC (non-Unicode/MARC-8) MARC (Unicode/UTF-8) MARC (Unicode/UTF-8, Standard) MODS (XML) RIS
  • More searches
    Search for this title in:
    Other Libraries (WorldCat) Other Databases (Google Scholar) Online Stores (Bookfinder.com) Open Library (openlibrary.org)

Exporting to Dublin Core...

SOUTHVILLE LIBRARY

Southville International School and Colleges Library

1281 Tropical Ave. Cor. Luxembourg St., BF Homes International, Las Pinas City

Tel. No. 8256374 / 252358 Loc. 117/146

Powered by Koha